000
00324nam a2200145Ia 4500
100
_a
Roach/Roy
942
_c
BK
654
_a
Computer
245
_a
Excel 5 for Windows in easy steps
260
_b
East West Press
_a
New Delhi
_c
1994
082
_a
005.133'E'
_b
ROA
300
_a
336
546
_a
ENGLISH
999
_c
24704
_d
24704